Logo BPK

Biblioteka

Politechniki Koszalińskiej

Ziemia : (Rekord nr 31247)

Szczegóły MARC
000 -ETYKIETA REKORDU
podpole kontrolne o stałej długości 00727nam a2200241 i 4500
001 - NUMER KONTROLNY REKORDU
pole kontrolne bg
020 ## - MIĘDZYNARODOWY ZNORMALIZOWANY NUMER KSIĄŻKI - ISBN
ISBN 8371670176
040 ## - ŹRÓDŁO KATALOGOWANIA
Instytucja, która utworzyła rekord BPK
041 1# - KOD JĘZYKA
Kod języka tekstu pl
Kod języka oryginału en
080 ## - UNIWERSALNA KLASYFIKACJA DZIESIĘTNA - UKD
UKD 55+57:523.31](02.025.2)
920 ## - Międzynarodowy znormalizowany numer książki – ISBN
ISBN 83-7167-017-6
008 - POLE O STAŁEJ DŁUGOŚCI - DANE KONTROLNE
podpole kontrolne o stałej długości s pl f |000 0 pol
100 1# - NAZWA OSOBOWA
Nazwa osobowa ELSOM, Derek
245 10 - TYTUŁ/ODPOWIEDZIALNOŚĆ
Tytuł Ziemia :
Ciąg dalszy tytułu ciągle na nowo tworzona, formowana i tętniąca życiem planeta /
Pozostałe elementy strefy tytułu i oznaczenia odpowiedzialności Derek Elsom ; [tł. z ang. Hanna Turczyn-Zalewska].
246 ## - WARIANT TYTUŁU
Treść wyrażenia wprowadzającego Tyt. oryg.:
Tytuł Earth
260 ## - STREFA ADRESU WYDAWNICZEGO
Miejsce wydania [Bielsko-Biała] :
Nazwa wydawcy/dystrybutora DEBIT,
Data publikacji, dystrybucji/powstania dokumentu 1996.
300 ## - STREFA OPISU FIZYCZNEGO
Objętość 216 s. :
Inne cechy fizyczne fot., rys. kolor. ;
Rozmiary 30 cm.
500 ## - UWAGI OGÓLNE
Tekst uwagi Tyt. oryg.: "Earth".
504 ## - UWAGA DOTYCZĄCA BIBLIOGRAFII
Informacje o bibliografii Indeks.
650 #9 - HASŁO PRZEDMIOTOWE W FORMIE NAZWY OGÓLNEJ LUB JEDNOSTKOWEJ
Nazwa ogólna lub geograficzna Ziemia
700 1# - HASŁO DODATKOWE - NAZWA OSOBOWA
Nazwa osobowa TURCZYN-ZALEWSKA, Hanna.
Określenie związku między hasłem a opisywanym materiałem Tł.
856 ## - LOKALIZACJA I DOSTĘP DO ELEKTRONICZNYCH DOKUMENTÓW ZDALNYCH
Link (URL) http://koha.tu.koszalin.pl/cgi-bin/koha/opac-detail.pl?biblionumber=31247
Tekst linku Katalog online BPK
942 ## - DODATKOWE ELEMENTY (KOHA)
Typ dokumentu Książka
Egzemplarze
Wycofany Status egzemplarza Uszkodzony Dostępność Lokalizacja stała Lokalizacja bieżąca Miejsce przechowywania Sygnatura Kod kreskowy Dział Typ dokumentu
      Tylko na miejscu Biblioteka Politechniki Koszalińskiej Biblioteka Politechniki Koszalińskiej Czytelnia BG 38416 01182019 55 Geologia Książka
© 2023 Biblioteka Politechniki Koszalińskiej :: KOHA